¡No quiero ir a la escuela! (Registro nro. 132)

Detalles MARC
000 -CABECERA
Longitud fija campo de control 01584nam a22003497a 4500
005 - • FECHA Y HORA DE LA ÚLTIMA TRANSACCIÓN
Fecha y hora de la última transacción 20220316235156.0
008 - • CÓDIGOS DE INFORMACIÓN DE LONGITUD FIJA
Códigos de información de longitud fija 140611b2013 ck a|| g||| 00| 0 1pspa
020 ## - • NÚMERO INTERNACIONAL NORMALIZADO PARA LIBROS
Número Internacional Normalizado para Libros (ISBN) 9789588787190
040 ## - FUENTE DE LA CATALOGACIÓN
Centro catalogador de origen CO-BoRNBP
Lengua de catalogación spa
Normas de descripción rda
Centro transcriptor CO-BoRNBP
084 ## - • Clasificación Local Alfanúmerica PNLB
Número de clasificación C BLA15
100 1# - • PUNTO DE ACCESO PRINCIPAL-NOMBRE DE PERSONA
Nombre de persona Blake, Stephanie
Fechas asociadas al nombre 1968-
245 12 - • TITULO PROPIAMENTE DICHO
Título ¡No quiero ir a la escuela!
Mención de responsabilidad, etc. Stephanie Blake ; traducción Anna Coll Vinent
250 ## - • MENCIÓN DE EDICIÓN
Mención de edición Edición especial para el Ministerio de Cultura
264 ## - PRODUCCIÓN, PUBLICACIÓN , DISTRIBUCIÓN, FABRICACIÓN Y COPYRIGHT
Lugar de producción, publicación, distribución, fabricación Bogotá
Nombre del productor, editor, distribuidor, fabricante Corimbo
-- Ediciones Monserrate
Fecha de de producción, publicación, distribución, fabricación o copyright 2013
300 ## - • DESCRIPCIÓN FÍSICA
Extensión [26] páginas sin enumerar
Otras características físicas ilustraciones a color
Dimensiones 15 cm
336 ## - TIPO DE CONTENIDO
Término de tipo de contenido texto
Código de tipo de contenido txt
Fuente rdacontent
337 ## - TIPO DE MEDIO
Nombre del tipo de medio sin mediación
Código del tipo de medio n
Fuente rdamedia
338 ## - TIPO DE SOPORTE
Nombre del tipo de soporte volumen
Código del tipo de soporte nc
Fuente rdacarrier
490 ## - • MENCIÓN DE SERIE
Mención de serie Leer es mi cuento
520 ## - • NOTA DE RESUMEN
Resumen, etc, Había una bez un conejito muy pillo al que ya conoceís. Cuando su mama le dijo : "¡ Mañana es tu primer día en la escuela, cariño ! " , él respondió: "¡Ni hablar!"
521 ## - • NOTA DE PÚBLICO DESTINATARIO
Nota público destinatario (R ) Recomendado para niños a partir de 0 a 2 años
534 ## - • Nota De Versión Original
Título Je veux pas aller á l´école
650 14 - • PUNTO DE ACCESO ADICIONAL DE MATERIA - TÉRMINO DE MATERIA
Fuente del encabezamiento o término LEMB
Término de materia o nombre geográfico como elemento inicial Cuentos infantiles estadounidenses
Subdivisión cronológica Siglo XX
650 14 - • PUNTO DE ACCESO ADICIONAL DE MATERIA - TÉRMINO DE MATERIA
Fuente del encabezamiento o término LEMB
Término de materia o nombre geográfico como elemento inicial Literatura infantil estadounidense
Subdivisión cronológica Siglo XX
650 14 - • PUNTO DE ACCESO ADICIONAL DE MATERIA - TÉRMINO DE MATERIA
Fuente del encabezamiento o término LEMB
Término de materia o nombre geográfico como elemento inicial Valentía en la literatura
650 14 - • PUNTO DE ACCESO ADICIONAL DE MATERIA - TÉRMINO DE MATERIA
Fuente del encabezamiento o término LEMB
Término de materia o nombre geográfico como elemento inicial Familia en la literatura
650 14 - • PUNTO DE ACCESO ADICIONAL DE MATERIA - TÉRMINO DE MATERIA
Fuente del encabezamiento o término LEMB
Término de materia o nombre geográfico como elemento inicial Escuelas en la literatura
650 14 - • PUNTO DE ACCESO ADICIONAL DE MATERIA - TÉRMINO DE MATERIA
Fuente del encabezamiento o término LEMB
Término de materia o nombre geográfico como elemento inicial Valores en la literatura
700 1# - • PUNTO DE ACCESO ADICIONAL - NOMBRE DE PERSONA
Nombre de persona Coll Vinent, Anna
Término indicativo de función traductor
830 ## - • PUNTO DE ACCESO ADICIONAL DE SERIE - TÍTULO UNIFORME
Título uniforme Colección para la Primera Infancia del Ministerio de Cultura, Plan Nacional de Lectura y Escritura Leer es mi cuento, Primera Infancia 2013
942 ## - ENTRADA DE ELEMENTOS AGREGADOS (KOHA)
Fuente de clasificaión o esquema
Koha [por defecto] tipo de item Libro Infantil
Existencias
Perdido Fuente de clasificación o esquema Estado Físico No para préstamo Forma de adquisición Localización permanente Localización actual Localización en estanterías Fecha adquisición Préstamos totales Signatura completa Código de barras Fecha última consulta Número de copia Fecha del precio de reemplazo Tipo de item de Koha Note pública
  Dewey Decimal Classification       Biblioteca Pública Buena Vista - Mesetas Biblioteca Pública Buena Vista - Mesetas   02/22/2024   BLA15 MEE000100 02/22/2024 Ej.1 02/22/2024 Libro Infantil  
  Dewey Decimal Classification     Infantil Biblioteca Pública Cubarral Biblioteca Pública Cubarral Sala Infantil 07/25/2023   C BLA15 CUB00821 07/25/2023 Ej.1 07/25/2023 Libro Infantil  
  Dewey Decimal Classification     Infantil Biblioteca Pública Dorado Biblioteca Pública Dorado Sala Infantil 03/03/2023   C BLA15 DOR02472 03/03/2023 Ej.1 03/03/2023 Libro Infantil  
        Colección Sala Infantil de Literatura Pocatil y Tilín Biblioteca Pública Departamental Eduardo Carranza - Villavicencio Biblioteca Pública Departamental Eduardo Carranza - Villavicencio Sala Infantil 07/14/2014   C BLA15 ECA22927 11/26/2024 Ej.1 11/26/2024 LIbro 17031 | 21926
  Dewey Decimal Classification     Infantil Biblioteca Pública Guamal Biblioteca Pública Guamal Sala Infantil 02/10/2023   C BLA15 GUA000953 02/10/2023 Ej.1 02/10/2023 Libro Infantil  
  Dewey Decimal Classification     Infantil Biblioteca Pública La Macarena Biblioteca Pública La Macarena Sala Infantil 05/23/2024   C BLA15 LM001389 05/23/2024 Ej.1 05/23/2024 Libro Infantil  
  Dewey Decimal Classification     Infantil Biblioteca Pública Mapiripan Biblioteca Pública Mapiripan Sala Infantil 01/24/2024   C BLA15 MAP00003483 01/24/2024 Ej.1 01/24/2024 Libro Infantil  
  Dewey Decimal Classification     Infantil Biblioteca Pública Mesetas - Franco lodo Poloxi Biblioteca Pública Mesetas - Franco lodo Poloxi Sala Infantil 07/21/2025   C BLA15 ME00100 07/21/2025 Ej.1 07/21/2025 Libro Infantil  
  Dewey Decimal Classification     Infantil Biblioteca Pública Puerto Rico Biblioteca Pública Puerto Rico Sala Infantil 04/20/2023   C BLA15 PR000001072 04/20/2023 Ej.1 04/20/2023 Libro Infantil  
  Dewey Decimal Classification       Biblioteca Pública San Juan de Arama - Concepción de Arama Biblioteca Pública San Juan de Arama - Concepción de Arama Sala Infantil 03/06/2026   C BLA15 SJA01268 03/06/2026 Ej.1 03/06/2026 Libro Infantil  
  Dewey Decimal Classification     Infantil Biblioteca Pública San Juanito - Ernesto Maria Peña Romero Biblioteca Pública San Juanito - Ernesto Maria Peña Romero Sala Infantil 01/22/2024   C BLA15 SJU00301 01/22/2024 Ej.1 01/22/2024 Libro Infantil  
  Dewey Decimal Classification     Infantil Biblioteca Pública Uribe - Reinerio Arenas Biblioteca Pública Uribe - Reinerio Arenas Sala Infantil 07/22/2025   C BLA15 URI03062 07/22/2025 Ej.1 07/22/2025 Libro Infantil  









Instituto Departamental de Cultura del Meta - Red Departamental de Bibliotecas Públicas del Meta.